Statistics for Famous Cities with less than 100,000 Citizens

Click here to take the quiz!

General Stats

  • This quiz has been taken 106 times
  • The average score is 7 of 15

Answer Stats

HintAnswer% Correct
City home to the Leaning TowerPisa
99%
City that is also the smallest country in the worldVatican City
90%
New Jersey city known for its casinos and nightlifeAtlantic City
72%
City home to a famous waterfall, with another city with the same name across the riverNiagara Falls
67%
French city that is the namesake of a 2017 WWII filmDunkirk
64%
City that serves as the capital of FijiSuva
62%
City founded by the Romans under the name "Aquae Sulis"Bath
53%
City that held the 1932 and 1980 Winter OlympicsLake Placid
36%
Mexican resort city located at the very southern tip of Baja CaliforniaCabo San Lucas
31%
City who's urban area is home to nearly 10 million peopleCity of London
23%
German city home to the longest permanent race track in the worldNürburg
20%
City home to the largest ski resort in North AmericaWhistler
18%
City known for being the headquarters of WalmartBentonville
13%
City that is the home of FerrariMaranello
11%
California city known for having no regularly enforced lawsSlab City
7%

Score Distribution

Percentile by Number Answered

Percent of People with Each Score

Your Score History

You have not taken this quiz